Fill the Map by Number of Borders of Each Country - Statistics

General Stats
  • This quiz has been taken 348 times
  • The average score is 82 of 196
Answers on the Map
Answers color-coded by a green-red scale on the quiz's map according to % correct below.
 
Answer Stats
Number of Borders Country % Correct
0-A Antigua and Barbuda
97%
0 Australia
94%
0 Bahamas
84%
0 Barbados
83%
0-C Cape Verde
83%
0 Cuba
83%
0 Fiji
83%
0-V Vanuatu
83%
0 Comoros
82%
0 Iceland
82%
0 Jamaica
82%
0 Japan
82%
0-N Nauru
82%
0 New Zealand
82%
1 Canada
81%
0-F F. S. Micronesia
81%
0-G Grenada
81%
0 Kiribati
81%
0-M Madagascar
81%
0 Mauritius
81%
0-S Saint Kitts and Nevis
81%
0 Saint Lucia
81%
0 Saint Vincent and the Grenadines
81%
0 Samoa
81%
0 Trinidad and Tobago
81%
0 Cyprus
79%
1-D Denmark
79%
1 Dominican Republic
79%
0 Maldives
79%
0 Malta
79%
0 Palau
79%
1-Q Qatar
79%
0 Seychelles
79%
0 Dominica
78%
1 Ireland
78%
0 Marshall Islands
78%
1 Portugal
78%
0 São Tomé and Príncipe
78%
0 Solomon Islands
78%
0 Tonga
78%
0 Tuvalu
78%
1-B Brunei
77%
1 Haiti
77%
0 Sri Lanka
77%
0-T Taiwan
77%
0 Philippines
75%
0 Singapore
75%
0 Bahrain
74%
1-P Papua New Guinea
73%
1 South Korea
73%
1 Gambia
70%
1 East Timor
69%
2-E Ecuador
69%
1 Lesotho
69%
1 San Marino
66%
1 Vatican City
66%
2 Belize
65%
2-A Andorra
64%
2 United States
62%
2 El Salvador
61%
1 Monaco
61%
2 Estonia
58%
2 Sweden
58%
2 Costa Rica
57%
2 Equatorial Guinea
57%
2 United Kingdom
57%
2 Uruguay
57%
2 Bhutan
56%
2-U United Arab Emirates
56%
2 Eswatini
55%
2 Liechtenstein
55%
2-K Kuwait
53%
2 Bangladesh
52%
14 China
52%
14 Russia
52%
2 Mongolia
51%
2 Yemen
51%
2 Nepal
49%
2 Nicaragua
49%
3-O Oman
49%
2 Panama
48%
3 Mexico
45%
2 Guinea-Bissau
44%
2 Lebanon
44%
2 Tunisia
44%
3 Finland
43%
8-Z Zambia
43%
3 Chile
42%
3 Norway
42%
2-S Sierra Leone
40%
10 Brazil
39%
3-D Djibouti
39%
3 Guyana
38%
3 Honduras
38%
3-N Netherlands
38%
3 North Korea
38%
2 Moldova
36%
3 Suriname
35%
3 Vietnam
35%
3 Paraguay
34%
3 Venezuela
34%
3 Indonesia
32%
3 Cambodia
31%
3 Morocco
31%
4-Z Zimbabwe
31%
9 Germany
30%
3 Luxembourg
30%
3 Malaysia
30%
5-A Argentina
29%
4 Belgium
29%
3 Egypt
29%
3 Eritrea
29%
3-G Gabon
29%
3 Ghana
29%
9 D. R. Congo
27%
4-J Jordan
27%
3-B Bosnia and Herzegovina
26%
11 France
26%
4 Guatemala
26%
3-M Malawi
26%
3-T Togo
26%
6-I India
25%
3 Somalia
25%
6-A Afghanistan
23%
4-A Angola
23%
4 Armenia
23%
3 Burundi
23%
5-C Colombia
23%
5 Bolivia
22%
4-G Georgia
21%
5-K Kazakhstan
21%
3 Liberia
21%
8-T Tanzania
21%
4 Albania
19%
8-A Austria
19%
5 Azerbaijan
19%
4 Latvia
19%
4 Lithuania
19%
4 Israel
18%
5 Spain
18%
4 Greece
17%
4 Kyrgyzstan
17%
5 Peru
17%
7-S Saudi Arabia
17%
4 Thailand
17%
6 Algeria
16%
5 Croatia
16%
4 Czech Republic
16%
6 Iraq
16%
6 Italy
16%
4-N Namibia
16%
7-N Niger
16%
4 Pakistan
16%
4-T Tajikistan
16%
5-B Belarus
14%
4 Benin
14%
4 Botswana
14%
4 Kosovo
14%
5 Bulgaria
13%
5 Laos
13%
6-M Mali
13%
4 Nigeria
13%
4 Slovenia
13%
6 South Africa
13%
8 Turkey
13%
4 Turkmenistan
13%
5 Kenya
12%
4 Mauritania
12%
4 Rwanda
12%
5 Switzerland
12%
6-C Cameroon
10%
6 Central African Republic
10%
7 Iran
10%
5 Ivory Coast
10%
5 Myanmar
10%
5-S Slovakia
10%
7 Sudan
10%
7 Ukraine
10%
6 Chad
9%
7 Hungary
9%
6 Libya
9%
8 Serbia
9%
6 South Sudan
9%
5 Syria
9%
6 Ethiopia
8%
5 Senegal
8%
5 Uzbekistan
8%
6 Burkina Faso
6%
6 Guinea
6%
5 Montenegro
6%
6 Mozambique
6%
5-N North Macedonia
6%
7 Poland
6%
5 Rep. of the Congo
6%
5 Romania
6%
5 Uganda
4%
No matching quizzes found
Score Distribution
Percent of People with Each Score
Percentile by Number Answered
Your Score History
You have not taken this quiz